00408nam a2200145 450000500170000000700040001700800040002105000220002524500850004726000410013230000230017350000210019665000260021770000190024320150327125827.0000000 aQH581.2b.R4 1965 aReproduction : bmolecular, subcellular, and cellular /cedited by Michael Locke aNew York :bAcademic Press ,cc1965. axi, 344 p. :bill. aincludes indexes aReproductionxBiology aLocke, Michael